| 000 | 00504nam a2200157 a 4500 | ||
|---|---|---|---|
| 001 | 000035413 | ||
| 005 | 20200930074326.0 | ||
| 008 | 111031s1968 ve 000 0 spa d | ||
| 040 |
_aDO-SdBNP _bspa _cBNPHU |
||
| 082 |
_axxxx _bxxxx |
||
| 100 | 1 |
_aOviedo, José Miguel _961245 |
|
| 245 | 1 | 0 |
_aNarradores peruanos / _cJosé Miguel Oviedo. |
| 260 |
_aCaracas, Venezuela, : _bMonte avila, _c1968. |
||
| 300 |
_a276 p. ; _c18 cm. |
||
| 590 | _aPerteneció a la biblioteca personal de Juan Isidro Jimenes Grullón | ||
| 999 |
_c34904 _d34904 |
||